Statistiques concernant Le Mot 'Un' dans Différentes Langues

Cliquez ici pour prendre le quiz!

Statistiques générales

  • Ce quiz a été pris 130 fois
  • Le résultat moyen est 5 sur 16

Statistiques - réponses

LangueRépondre% Correct
FrancaisUn
100%
EspagnolUno
98%
ItalienUno
98%
AnglaisOne
92%
AllemandEins
44%
JaponaisIchi
17%
PortugaisUm
15%
NeerlandaisEen
10%
ChinoisYi
10%
RusseOdin
7%
PolonaisJeden
5%
CoreenHana
4%
ArabeWahid
4%
IndienEk
1%
GrecEnas
1%
PunjabiIka
1%

Distribution des résultats

Percentile par nombre de réponses

% des personnes avec chaque résultat

Votre développement - résultats

Vous n’avez pas pris ce quiz